000 00297nam a22001337a 4500
008 171102b xxu||||| |||| 00| 0 eng d
020 _a9780256063318
041 _aeng
080 _24TH
_a339.138
100 _a60
101 _aMAR
245 _aCONSUMER BEHAVIOR
_cHAWKINS,D.L
942 _2udc
_cBK
999 _c37353
_d37353